Anmerkung zu AG Hattingen, 3.3.1983, XVI 7/82

Saved in:
Bibliographic Details
Main Author: Jayme, Erik (Author)
Format: Article (Journal)
Language:German
Published: 1983
In: IPRax
Year: 1983, Volume: 3, Pages: 300
ISSN:0720-6585
Online Access: Get full text
Author Notes:Erik Jayme

MARC

LEADER 00000caa a22000002c 4500
001 1638972753
003 DE-627
005 20220816043944.0
007 tu
008 160205s1983 xx ||||| 00| ||ger c
035 |a (DE-627)1638972753 
035 |a (DE-576)45514320X 
035 |a (DE-599)BSZ45514320X 
035 |a (OCoLC)1341187068 
040 |a DE-627  |b ger  |c DE-627  |e rda 
041 |a ger 
084 |a 19  |2 sdnb 
100 1 |a Jayme, Erik  |d 1934-2024  |e VerfasserIn  |0 (DE-588)121171663  |0 (DE-627)081131968  |0 (DE-576)161580092  |4 aut 
245 1 0 |a Anmerkung zu AG Hattingen, 3.3.1983, XVI 7/82  |c Erik Jayme 
264 1 |c 1983 
300 |a 1 
336 |a Text  |b txt  |2 rdacontent 
337 |a ohne Hilfsmittel zu benutzen  |b n  |2 rdamedia 
338 |a Band  |b nc  |2 rdacarrier 
773 0 8 |i Enthalten in  |t IPRax  |d Bielefeld : Gieseking, 1981  |g 3(1983), Seite 300  |w (DE-627)129861103  |w (DE-600)283279-3  |w (DE-576)015171361  |x 0720-6585  |7 nnas  |a Anmerkung zu AG Hattingen, 3.3.1983, XVI 7/82 
773 1 8 |g volume:3  |g year:1983  |g pages:300  |g extent:1  |a Anmerkung zu AG Hattingen, 3.3.1983, XVI 7/82 
951 |a AR 
992 |a 20160205 
993 |a Article 
994 |a 1983 
998 |g 121171663  |a Jayme, Erik  |m 121171663:Jayme, Erik  |d 20000  |d 20100  |e 20000PJ121171663  |e 20100PJ121171663  |k 0/20000/  |k 1/20000/20100/  |p 1  |x j  |y j 
999 |a KXP-PPN1638972753  |e 3299068059 
BIB |a Y 
SER |a journal 
JSO |a {"relHost":[{"language":["ger"],"id":{"issn":["0720-6585"],"eki":["129861103"],"zdb":["283279-3"]},"part":{"year":"1983","pages":"300","text":"3(1983), Seite 300","extent":"1","volume":"3"},"type":{"bibl":"periodical"},"person":[{"given":"Burkhard","family":"Hess","display":"Hess, Burkhard","role":"edt"},{"role":"edt","family":"Kronke","given":"Herbert","display":"Kronke, Herbert"}],"disp":"Anmerkung zu AG Hattingen, 3.3.1983, XVI 7/82IPRax","titleAlt":[{"title":"Praxis des internationalen Privat- und Verfahrensrechts"}],"origin":[{"dateIssuedKey":"1981","publisher":"Gieseking","dateIssuedDisp":"1981-","publisherPlace":"Bielefeld"}],"pubHistory":["1.1981 -"],"recId":"129861103","title":[{"title":"IPRax","subtitle":"Praxis des internationalen Privat- und Verfahrensrechts","title_sort":"IPRax"}]}],"title":[{"title":"Anmerkung zu AG Hattingen, 3.3.1983, XVI 7/82","title_sort":"Anmerkung zu AG Hattingen, 3.3.1983, XVI 7/82"}],"recId":"1638972753","origin":[{"dateIssuedKey":"1983","dateIssuedDisp":"1983"}],"person":[{"role":"aut","display":"Jayme, Erik","given":"Erik","family":"Jayme"}],"physDesc":[{"extent":"1 S."}],"type":{"bibl":"article-journal"},"name":{"displayForm":["Erik Jayme"]},"language":["ger"],"id":{"eki":["1638972753"]}} 
SRT |a JAYMEERIKANMERKUNGZ1983